000 00721nam a2200217 a 4500
005 20231012063648.0
008 030306s2002 mx r 000 0 spa d
020 _a9688534978
035 _aUPN01000122610
049 _aCG
050 4 _aLB1115
_bN6.8
100 1 _aNovelo, Geraldine
_935281
245 1 0 _aConozcamos a nuestros niños :
_bdel nacimiento a los 6 años : manual para padres y maestros /
_cGeraldine Novelo.
260 _aMéxico :
_bPaidós,
_c2002.
300 _a118 p.
440 0 _aMaestros y enseñanza ;
_v11
650 4 _aNIÑOS -
_xCRECIMIENTO -
_vMANUALES
_93647
650 4 _aEducación preescolar
_zMéxico
_xPlanes y programas
_94039
740 0 _aManual para padres y maestros
905 _aLibro
999 _c94795
_d94795